000 00448nam a2200193Ia 4500
005 20240823052239.0
008 240823s9999||||xx |||||||||||||| ||und||
020 _a978-0-415-31824-12
041 _aENGLISH
082 _A823.087209 P9
100 _aJohn Scaggs
245 0 _aCrime Fiction
250 _a1st
260 _c2009
_bRoutledge Taylor & Fr
500 _aYES
650 _aCrime Fiction
_bGeneral
942 _cBK
999 _c221424
_d221424